Movies Quiz

Random Movies or War Quiz

Movies by Battle Scene Quiz Stats

Quiz Updated Jun 15, 2015

Challenge
Share
Tweet
Score 0/25 Timer 08:00
0 Plays Today
% Correct
Saving Private Ryan
93.8%
300
93.3%
Braveheart
93.2%
Kill Bill Vol. 1
93.2%
South Park: Bigger, Longer & Uncut
92.8%
Gladiator
90.4%
Star Wars Episode V: The Empire Strikes Back
85.8%
Top Gun
83.8%
Pirates of the Caribbean: Dead Man's Chest
83.4%
The Patriot
79.5%
Troy
75.4%
The Last Samurai
75.4%
Platoon
73.8%
% Correct
Anchorman: The Legend of Ron Burgundy
71.2%
Master and Commander: The Far Side of the World
68.9%
The Lord of the Rings: The Two Towers
68.3%
Lawrence of Arabia
62.5%
Gangs of New York
59.1%
Apocalypse Now
52.8%
The Magnificent Seven
49.3%
Starship Troopers
46.9%
Glory
44.9%
Zulu
41.7%
Slap Shot
40%
All Quiet on the Western Front
33.6%

You're not logged in!

Compare scores with friends on all Sporcle quizzes.
Join for Free
OR
Log In

You Might Also Like...

Show Comments

Extras

Top Quizzes Today


Score Distribution

Your Account Isn't Verified!

In order to create a playlist on Sporcle, you need to verify the email address you used during registration. Go to your Sporcle Settings to finish the process.

Report this User

Report this user for behavior that violates our Community Guidelines.

Details: